ՀՀ Գիտությունների ազգային ակադեմիայի հիմնարար գիտական գրադարան  =   Fundamental Scientific Library of NAS RA

Հոգու մորմոքներ : (Record no. 540935)

MARC details
000 -LEADER
fixed length control field 00759nam a2200217 a 4500
001 - CONTROL NUMBER
control field 2005092
003 - CONTROL NUMBER IDENTIFIER
control field AM-YEHGA
005 - DATE AND TIME OF LATEST TRANSACTION
control field 20260330085113.0
008 - FIXED-LENGTH DATA ELEMENTS--GENERAL INFORMATION
fixed length control field 241218s2024 ai c|||gr|||||000|p|arm|d
020 ## - INTERNATIONAL STANDARD BOOK NUMBER
International Standard Book Number 978-9939-0-4964-9
040 ## - CATALOGING SOURCE
Original cataloging agency AM-YEHGA
041 0# - LANGUAGE CODE
Language code of text/sound track or separate title arm
044 ## - COUNTRY OF PUBLISHING/PRODUCING ENTITY CODE
MARC country code ai
100 1# - MAIN ENTRY--PERSONAL NAME
Personal name Պալյան, Թադևոս
245 10 - TITLE STATEMENT
Title Հոգու մորմոքներ :
Remainder of title [Բանաստեղծություններ] /
Statement of responsibility, etc. Թ. Պալյան ; [Խմբագիր՝ Ա. Ափինյան].
260 ## - PUBLICATION, DISTRIBUTION, ETC.
Place of publication, distribution, etc. Երևան :
Name of publisher, distributor, etc. Համահայկական գրողների միության հրատ.,
Date of publication, distribution, etc. 2024.
300 ## - PHYSICAL DESCRIPTION
Extent 175 էջ ։
Other physical details դիմանկար,
Dimensions 21 սմ.
650 14 - SUBJECT ADDED ENTRY--TOPICAL TERM
Topical term or geographic name entry element Հայ պոեզիա
700 1# - ADDED ENTRY--PERSONAL NAME
Personal name Ափինյան, Աբգար
Relator term խմբ.
Relationship edt
9 (RLIN) 2331
942 ## - ADDED ENTRY ELEMENTS (KOHA)
Source of classification or shelving scheme Universal Decimal Classification
Koha item type Գրքեր / Books
Holdings
Withdrawn status Lost status Source of classification or shelving scheme Damaged status Not for loan Collection Home library Current library Date acquired Total checkouts Full call number Barcode Date last seen Price effective from Koha item type Public note
    Universal Decimal Classification     General Fundamental Scientific Library Fundamental Scientific Library 15/12/2025   AII/114062 FL0701906 15/12/2025 15/12/2025 Գրքեր / Books 30 Days Loan


ՀՀ ԳԱԱ հիմնարար գիտական գրադարան
ՀՀ,Երևան 0019
Մարշալ Բաղրամյան 24/6
հեռախոս:(374-10) 52-47-50
Հետադարձ կապ

All site content, except where otherwise noted, is licensed under a
Creative Commons License